Tomorrow you die / (Record no. 5896)
[ view plain ]
| 000 -LEADER | |
|---|---|
| fixed length control field | 00696cam a2200265Ia 4500 |
| 001 - CONTROL NUMBER | |
| control field | 18140 |
| 003 - CONTROL NUMBER IDENTIFIER | |
| control field | GBCCL |
| 005 - DATE AND TIME OF LATEST TRANSACTION | |
| control field | 20241126110552.0 |
| 008 - FIXED-LENGTH DATA ELEMENTS--GENERAL INFORMATION | |
| fixed length control field | 800509s1976 cau 000 0beng d |
| 020 ## - INTERNATIONAL STANDARD BOOK NUMBER | |
| International Standard Book Number | 0551007764 |
| 035 ## - SYSTEM CONTROL NUMBER | |
| System control number | (OCoLC)06300495 |
| 040 ## - CATALOGING SOURCE | |
| Original cataloging agency | ICW |
| Transcribing agency | ICW |
| Modifying agency | MSV |
| -- | LBB |
| 049 ## - | |
| -- | LBBK |
| 082 ## - DEWEY DECIMAL CLASSIFICATION NUMBER | |
| Classification number | 266 |
| Item number | PET |
| 090 ## - LOCALLY ASSIGNED LC-TYPE CALL NUMBER (OCLC); LOCAL CALL NUMBER (RLIN) | |
| Classification number (OCLC) (R) ; Classification number, CALL (RLIN) (NR) | BV3145.A42 |
| Local cutter number (OCLC) ; Book number/undivided call number, CALL (RLIN) | P47 |
| 092 0# - LOCALLY ASSIGNED DEWEY CALL NUMBER (OCLC) | |
| Classification number | 266.00949 |
| Item number | P485, 1976 |
| Edition number | 20 |
| 100 1# - MAIN ENTRY--PERSONAL NAME | |
| Personal name | Peterson, Reona |
| 9 (RLIN) | 10664 |
| 245 10 - TITLE STATEMENT | |
| Title | Tomorrow you die / |
| Statement of responsibility, etc. | Reona Peterson |
| 260 ## - PUBLICATION, DISTRIBUTION, ETC. | |
| Place of publication, distribution, etc. | London: |
| Name of publisher, distributor, etc. | Lakeland, |
| Date of publication, distribution, etc. | 1977 |
| 300 ## - PHYSICAL DESCRIPTION | |
| Extent | 132 p. ; |
| Dimensions | 18 cm. |
| 600 10 - SUBJECT ADDED ENTRY--PERSONAL NAME | |
| Personal name | Peterson, Reona. |
| 9 (RLIN) | 10664 |
| 600 10 - SUBJECT ADDED ENTRY--PERSONAL NAME | |
| Personal name | Muggleton, Evelyn. |
| 9 (RLIN) | 10665 |
| 650 #0 - SUBJECT ADDED ENTRY--TOPICAL TERM | |
| Topical term or geographic name entry element | Missions |
| Geographic subdivision | Albania |
| 9 (RLIN) | 10666 |
| 942 ## - ADDED ENTRY ELEMENTS (KOHA) | |
| Source of classification or shelving scheme | Dewey Decimal Classification |
| Koha item type | Books |
| Withdrawn status | Lost status | Source of classification or shelving scheme | Damaged status | Not for loan | Home library | Current Library | Shelving location | Date acquired | Total checkouts | Full call number | Barcode | Date last seen | Copy number | Price effective from | Koha item type |
|---|---|---|---|---|---|---|---|---|---|---|---|---|---|---|---|
| Dewey Decimal Classification | GRACE BIBLE COLLEGE | GRACE BIBLE COLLEGE | Ministry & Mission | 2018-04-17 | 266 PET | 005056 | 2025-05-01 | c.1 | 2018-04-17 | Books |